| 000 | 00852nam a22002297a 4500 | ||
|---|---|---|---|
| 001 | 54837 | ||
| 003 | BD-RjUL | ||
| 005 | 20211209080157.0 | ||
| 008 | 161112s2002 bg ||||| |||| 00| 0 ben d | ||
| 020 |
_a9848140158 _c: TK 250.00 |
||
| 035 | _a(BD-RjUL)54959 | ||
| 040 |
_aBD-RjUL _bben _cBD-RjUL |
||
| 041 | _aben | ||
| 082 |
_223 _a323.095492 _bSAT 2002 |
||
| 245 | 0 | 0 | _a৭ নভেম্বরের বিপ্লব ও জিয়াউর রহমান / |
| 260 |
_aঢাকা : _bঅ. আ. প্রকাশন, _c২০০২ |
||
| 300 |
_a৩১৯ পৃ. ; _c২১ সেমি. |
||
| 650 |
_aরাজনৈতিক অধিকার _zবাংলাদেশ _9135304 |
||
| 650 |
_aPolitical Rights _zBangladesh _9135305 |
||
| 700 |
_aমুসা, আহমেদ, ভূমিকা _9163483 |
||
| 942 |
_2ddc _cBK |
||
| 999 |
_c54837 _d54837 |
||